Mais comment s'appellent-ils déjà ? 4 - Statistiques

Statistiques générales
  • Ce quiz a été pris 38 fois
  • Le résultat moyen est 5 sur 35
Statistiques - réponses
Par images Hint Réponse % Correct
DE Danièle Evenou
69%
AJ Arthur Jugnot
49%
ZB Zabou Breitman
49%
GM Guy Marchand
46%
GA Gil Alma
43%
EL Eric Laugérias
37%
AP André Pousse
26%
ND Nicolas Duvauchelle
26%
AM Arsène Mosca
20%
BB Blandine Bellavoir
20%
NA Natacha Amal
20%
AP Alix Poisson
17%
CC Christian Charmetant
11%
ES Elisa Servier
11%
GB Grégori Baquet
9%
CB Claude Brosset
6%
DG Dominique Guillo
6%
EB Evelyne Buyle
6%
NL Nathacha Lindinger
6%
SH Sabine Haudepin
6%
AM Abdelhafid Metalsi
3%
AC Anne Canovas
3%
AS Ariele Semenoff
3%
FF François Feroleto
3%
JN Jeanne Bournaud
3%
JB Julie Boulanger
3%
NE Noémie Elbaz
3%
OP Olivier Pagès
3%
SB Samir Boitard
3%
CB Christiane Bopp
0%
EY Elodie Yung
0%
FM François Marchasson
0%
J-CC Jean-Charles Chagachbanian
0%
LF Laetitia Fourcade
0%
SB Sophie Broustal
0%
Aucun quiz correspondant
Distribution des résultats
% des personnes avec chaque résultat
Percentile par nombre de réponses
Votre historique - résultats
Vous n’avez pas pris ce quiz